| 000 | 00625nam a2200217Ia 4500 | ||
|---|---|---|---|
| 003 | IN-BaIIA | ||
| 008 | 211028s9999 xx 000 0 eng d | ||
| 020 | _a0-7121-1655-9 | ||
| 040 | _cIIA Library | ||
| 080 |
_a657.47 _bBRO |
||
| 100 |
_aBrown, J. Lewis _98940 |
||
| 245 | 0 |
_aPrinciples and practice of management accountancy _cJ. Lewis Brown and Leslie R. Howard |
|
| 250 | _a3rd ed. | ||
| 260 |
_aLondon _bThe English Language Book Society _c1975 |
||
| 300 | _axii, 756p. | ||
| 650 |
_aAccountancy _98941 |
||
| 650 |
_aManagement _97079 |
||
| 650 | _aNASA Thesaurus | ||
| 700 |
_aHoward, Leslie R _98942 |
||
| 942 | _cBK | ||
| 999 |
_c5030 _d5030 |
||